| 000 | 00632 a2200229 4500 | ||
|---|---|---|---|
| 005 | 20260121103433.0 | ||
| 008 | 260120b |||||||| |||| 00| 0 eng d | ||
| 020 |
_a9783031528873 _cRs. 1995.00 |
||
| 040 | _aMAIN | ||
| 082 |
_a305.420954 _bG346I |
||
| 100 | _aGhosh, Rajashi, ed. | ||
| 245 | _aIndian women in leadership | ||
| 260 |
_bPalgrave Macmillan _c2024 _aSwitzerland |
||
| 300 | _axxv | ||
| 440 | _aCurrent perspectives on Asian women in leadership | ||
| 650 | _aSociology | ||
| 650 | _aSocial Groups | ||
| 650 | _aWomen-India | ||
| 700 | _aMclean, Gary N, eed. | ||
| 700 | _4Cho, Yonjoo, S, ed. | ||
| 942 | _cBK | ||
| 999 |
_c394619 _d394619 |
||